[Event "GER CM04-D email"]
[Site "GER email"]
[Date "2017.06.26"]
[Round "?"]
[White "Eschert, Uwe"]
[Black "Jankowiak, Andreas"]
[Result "1/2-1/2"]
[WhiteElo "2325"]
[BlackElo "2351"]
[PlyCount "70"]
[EventDate "2017.??.??"]
[EventType "tourn (corr)"]
[EventRounds "10"]
[EventCountry "GER"]
[SourceTitle "Corr 2020"]
[Source "ChessBase"]
[SourceDate "2019.09.30"]
[SourceVersion "1"]
[SourceVersionDate "2019.09.30"]
[SourceQuality "1"]

1. e4 Nf6 2. e5 Nd5 3. d4 d6 4. c4 Nb6 5. exd6 cxd6 6. Nc3 g6 7. Nf3 Bg7 8. h3 0-0 9. Bg5 Nc6 10. Qd2 d5 11. c5 Nc4 12. Bxc4 dxc4 13. d5 Nb4 14. 0-0 Nd3 15. Bh6 b6 16. Bxg7 Kxg7 17. b3 Nxc5 18. bxc4 e6 19. Rfe1 f6 20. Nd4 e5 21. Nb3 Nb7 22. f4 Nd6 23. c5 bxc5 24. fxe5 fxe5 25. Nxc5 Qa5 26. N3e4 Qxd2 27. Nxd2 Rb8 28. Rxe5 Rf5 29. Re7+ Kh6 30. Ndb3 Rg5 31. Kh2 Rxd5 32. Rxa7 Bf5 33. Ra4 Bc2 34. Rc1 Bxb3 35. Nxb3 Rb7 1/2-1/2

[Event "GER CM04-C email"]
[Site "GER email"]
[Date "2017.06.26"]
[Round "?"]
[White "Geissler, Walter"]
[Black "Jankowiak, Andreas"]
[Result "1/2-1/2"]
[WhiteElo "2348"]
[BlackElo "2351"]
[PlyCount "69"]
[EventDate "2017.??.??"]
[EventType "tourn (corr)"]
[EventRounds "10"]
[EventCountry "GER"]
[SourceTitle "Corr 2020"]
[Source "ChessBase"]
[SourceDate "2019.09.30"]
[SourceVersion "1"]
[SourceVersionDate "2019.09.30"]
[SourceQuality "1"]

1. e4 c5 2. Nf3 Nc6 3. d4 cxd4 4. Nxd4 Nf6 5. Nc3 e5 6. Ndb5 d6 7. Bg5 a6 8. Na3 b5 9. Nd5 Be7 10. Bxf6 Bxf6 11. c3 0-0 12. Nc2 Bg5 13. a4 bxa4 14. Rxa4 a5 15. Bc4 Rb8 16. b3 Kh8 17. Nce3 Ne7 18. Nxe7 Qxe7 19. Nd5 Qd8 20. 0-0 f5 21. Qe2 fxe4 22. Rfa1 e3 23. Nxe3 Bxe3 24. Qxe3 d5 25. Bf1 Qf6 26. R1a3 Bb7 27. Rxa5 d4 28. cxd4 exd4 29. Qg3 Rbc8 30. b4 Rc1 31. Ra1 Rc2 32. f3 d3 33. Qe5 Qxe5 34. Rxe5 d2 35. Rd1 1/2-1/2

[Event "GER CM04-D email"]
[Site "GER email"]
[Date "2017.06.26"]
[Round "?"]
[White "Jankowiak, Andreas"]
[Black "Koch, Hans Georg"]
[Result "1/2-1/2"]
[WhiteElo "2351"]
[BlackElo "2328"]
[PlyCount "40"]
[EventDate "2017.??.??"]
[EventType "tourn (corr)"]
[EventRounds "10"]
[EventCountry "GER"]
[SourceTitle "Corr 2017"]
[Source "ChessBase"]
[SourceDate "2017.09.19"]
[SourceVersion "1"]
[SourceVersionDate "2017.09.19"]
[SourceQuality "1"]

1. d4 Nf6 2. c4 g6 3. g3 Bg7 4. Bg2 0-0 5. Nc3 d6 6. Nf3 Nbd7 7. 0-0 e5 8. e4 exd4 9. Nxd4 Re8 10. h3 Nc5 11. Re1 Bd7 12. Kh2 h6 13. Rb1 Rb8 14. b4 Ne6 15. Be3 a5 16. b5 Nxd4 17. Bxd4 c5 18. Be3 Ng4+ 19. hxg4 Bxc3 20. Rf1 Qf6 1/2-1/2

[Event "GER CM04-D email"]
[Site "GER email"]
[Date "2017.06.26"]
[Round "?"]
[White "Jankowiak, Andreas"]
[Black "Mauro, Lucio"]
[Result "1/2-1/2"]
[WhiteElo "2351"]
[BlackElo "2359"]
[PlyCount "59"]
[EventDate "2017.??.??"]
[EventType "tourn (corr)"]
[EventRounds "10"]
[EventCountry "GER"]
[SourceTitle "Corr 2020"]
[Source "ChessBase"]
[SourceDate "2019.09.30"]
[SourceVersion "1"]
[SourceVersionDate "2019.09.30"]
[SourceQuality "1"]

1. d4 Nf6 2. c4 e6 3. g3 d5 4. Nf3 Be7 5. Bg2 0-0 6. 0-0 dxc4 7. Qc2 a6 8. a4 Bd7 9. Qxc4 Bc6 10. Bf4 Bd6 11. Qc1 a5 12. Nc3 Na6 13. Rd1 Nb4 14. Bg5 h6 15. Bh4 Be7 16. Bxf6 Bxf6 17. e4 b6 18. Qf4 Rc8 19. h4 Be7 20. Rd2 Qe8 21. Qe3 Bd6 22. b3 Rd8 23. Rad1 Bb7 24. Nb5 Rd7 25. Qe2 Qd8 26. Bh3 Re8 27. Kh2 Na6 28. Nxd6 cxd6 29. d5 exd5 30. Bxd7 1/2-1/2

[Event "GER CM04-C email"]
[Site "GER email"]
[Date "2017.06.26"]
[Round "?"]
[White "Jankowiak, Andreas"]
[Black "Zajsek, Franc"]
[Result "1/2-1/2"]
[WhiteElo "2351"]
[BlackElo "2342"]
[PlyCount "44"]
[EventDate "2017.??.??"]
[EventType "tourn (corr)"]
[EventRounds "10"]
[EventCountry "GER"]
[SourceTitle "Corr 2017"]
[Source "ChessBase"]
[SourceDate "2017.09.19"]
[SourceVersion "1"]
[SourceVersionDate "2017.09.19"]
[SourceQuality "1"]

1. c4 e5 2. g3 Nf6 3. Bg2 d5 4. cxd5 Nxd5 5. Nc3 Nb6 6. Nf3 Nc6 7. 0-0 Be7 8. a3 0-0 9. d3 Be6 10. b4 a5 11. b5 Nd4 12. Rb1 f6 13. Nxd4 exd4 14. Na4 Bd5 15. Nxb6 cxb6 16. Bxd5+ Qxd5 17. a4 Bc5 18. Qb3 Qxb3 19. Rxb3 Rac8 20. Kg2 h5 21. Bd2 Kf7 22. f4 Rfe8 1/2-1/2

[Event "GER CM04-D email"]
[Site "GER email"]
[Date "2017.06.26"]
[Round "?"]
[White "Ottesen, Soren Rud"]
[Black "Jankowiak, Andreas"]
[Result "1/2-1/2"]
[WhiteElo "2356"]
[BlackElo "2351"]
[PlyCount "43"]
[EventDate "2017.??.??"]
[EventType "tourn (corr)"]
[EventRounds "10"]
[EventCountry "GER"]
[SourceTitle "Corr 2017"]
[Source "ChessBase"]
[SourceDate "2017.09.19"]
[SourceVersion "1"]
[SourceVersionDate "2017.09.19"]
[SourceQuality "1"]

1. d4 Nf6 2. c4 e6 3. Nf3 d5 4. g3 Be7 5. Bg2 0-0 6. 0-0 dxc4 7. Ne5 Nc6 8. Bxc6 bxc6 9. Nxc6 Qe8 10. Nxe7+ Qxe7 11. Qa4 e5 12. dxe5 Qxe5 13. Qxc4 Be6 14. Qd3 Rad8 15. Qe3 Qh5 16. f3 Bc4 17. Nc3 Rfe8 18. Qf2 Nd5 19. Re1 Nxc3 20. bxc3 h6 21. Rb1 Qa5 22. e4 1/2-1/2